Where Are They From - Country #4 - Statistics

General Stats
  • This quiz has been taken 96 times
  • The average score is 8 of 12
Answer Stats
Hint Answer % Correct
Leonardo da Vinci, Gianni Versace, Gianluigi Buffon, Sophia Loren Italy
100%
Napoleon Bonaparte, Joan of Arc, Coco Chanel, Zinedine Zidane France
98%
Usain Bolt, Bob Marley, Sean Paul, Shelly-Ann Fraser-Pryce Jamaica
94%
Fredrik Idestam, Martti Ahtisaari, Teemu Pukki, Kimi Räikkönen Finland
71%
Ros Sereysothea, Pol Pot, Vann Nath, Pisith Pilika Cambodia
66%
Nursultan Nazarbayev, Gennady Golovkin, Denis Ten, Shaken Aimanov Kazakhstan
66%
Luis Suárez, José Gervasio Artigas, Natalia Oreiro, Pablo Atchugarry Uruguay
65%
Nicos Anastasiades, Feri Cansel, Theo Paphitis, Makarios III Cyprus
58%
Kofi Annan, Abedi Pele, Peter Mensah, Akosua Agyapong Ghana
54%
Sadio Mane, Fatou Diome, Ahmadou Lamine Ndiaye, Issa Samb Senegal
54%
Ahmed Ben Bella, Riyad Mahrez, Abdelhafid Benchabla, Assia Djebar Algeria
50%
Jean-Claude Juncker, Henri Tudor, Josy Barthel, Hana Sofia Lopes Luxembourg
44%
No matching quizzes found
Score Distribution
Percent of People with Each Score
Percentile by Number Answered
Your Score History
You have not taken this quiz